000 00516nam a22001937a 4500
003 OSt
005 20140310184350.0
008 131007t xxu||||| |||| 00| 0 eng d
050 _aND 237.B8744
_b.L642 1999
100 _aLester, Julius.
_912247
245 _aFrom slave ship to freedom road /
_cJulius Lester, Rod Brown.
300 _a40 p. :
_bill. col. ;
_c23 cm.
521 _aG5
526 _c720
650 _aSlavery
_922070
700 _aBrown, Rod.
_925027
942 _2lcc
_cBK-SCHOLAS
999 _c33922
_d33922